Veľké rozdiely v hospodárení nadácií
Výsledky hospodárenia jednotlivých nadácií za rok 1998. Poradie podľa hodnoty základného imania v krajoch. Základné imanie nadácií. Zdroje a príjmy nadácie.
Guardado en:
| Autor principal: | |
|---|---|
| Formato: | Capítulo de libro |
| Lenguaje: | eslovaco |
| Materias: | |
| Etiquetas: |
Sin Etiquetas, Sea el primero en etiquetar este registro!
|
MARC
| LEADER | 00000naa a2200000 4500 | ||
|---|---|---|---|
| 001 | r038403 | ||
| 005 | 20230927090829.3 | ||
| 041 | 0 | |a slo | |
| 044 | |a SK | ||
| 245 | 1 | 0 | |a Veľké rozdiely v hospodárení nadácií |c Milan Ukrop |
| 520 | |a Výsledky hospodárenia jednotlivých nadácií za rok 1998. Poradie podľa hodnoty základného imania v krajoch. Základné imanie nadácií. Zdroje a príjmy nadácie. | ||
| 610 | 2 | 0 | |a nadácie |
| 610 | 2 | 0 | |a hospodárenie finančné |
| 610 | 2 | 0 | |a činnosť charitatívna |
| 610 | 2 | 0 | |a služby verejnoprospešné |
| 610 | 2 | 0 | |a imanie základné |
| 610 | 2 | 0 | |a príjmy peňažné |
| 610 | 2 | 0 | |a zdroje finančné |
| 610 | 2 | 0 | |a Slovensko |
| 100 | 1 | |a Ukrop, Milan | |